00358nam a2200145Ia 450000500170000000800410001702000150005808200130007310000140008624500340010025000080013426000390014230000130018165000180019420250425061510.0240331s9999 xx 000 0 und d a9559133004 bASUa891 aAsumath,I 0aKalimuththuge purawesibhawaya a2nd aNugegodabNipuna enterprisesc1999 a103 p ., aShort Stories